| 000 | 00488 a2200157 4500 | ||
|---|---|---|---|
| 999 |
_c7438 _d7438 |
||
| 020 | _a9781780576305 | ||
| 050 | _aD 511 DOC 2013 | ||
| 100 |
_aDocherty, Gerry _eauthor |
||
| 245 |
_aHidden history: _bthe secret origins of the first world war/ _cGerry Docherty & Jim Macgregor |
||
| 264 |
_aEdinburgh: _bMainstream Publishing, _c2013 |
||
| 300 |
_a463p.: _bill. maps; |
||
| 500 | _aIncludes index | ||
| 650 | _aWar-causes | ||
| 700 |
_aMacgregor, Jim _eauthor |
||
| 942 |
_2lcc _cBK _h511 _iDOC _kD |
||